000 01004nam0a2200301 4500
001 RU\NLR\BIBL_A\012120757
005 20191030103438.0
010 _a978-5-17-117713-3
_95000
021 _aRU
_bКН-П-19-069679
_9КН-П-19-5024
035 _a(NLR Aleph) 012120757
035 _a(RuMoRGB)010096690
090 _a11991697
_c11991697
100 _a20191015d2019 e y0rusy50 ca
101 1 _arus
_ceng
102 _aRU
105 _ay z 0 ay
200 1 _aПлутовки
_e[роман]
_fБертрис Смолл
_g[перевод с английского Т. А. Перцевой]
210 _aМосква
_cАСТ
_d2019
215 _a445, [1] с.
_d17
225 1 _aСерия "Гарем Бертрис Смолл"
333 _a16+
686 1 _aШ6(7США)67-440.4(Лх1979-50)
700 1 _aСмолл
_bБ.
_f1937-2015
_gБертрис
_3RU\NLR\AUTH\77816
942 _cBOOK
980 _aNBR
980 _aNB